Statistics for City streets 3 (hard)

Click here to take the quiz!

General Stats

  • This quiz has been taken 4 times
  • The average score is 6 of 10

Answer Stats

Answer% Correct
Astana
100%
Berlin
100%
Madrid
100%
Riyadh
100%
Cairo
67%
Baghdad
33%
Johannesburg
33%
Khartoum
33%
Kinshasa
33%
Macau
33%

Score Distribution

Percentile by Number Answered

Percent of People with Each Score

Your Score History

You have not taken this quiz